01455nam a2200241Ia 450000100060000000300090000600800410001504000130005604000130006904100130008210000210009510000290011624500320014524500320017725000110020926000130022026000180023326000490025130000430030050008130034365000260115665000310118223552IT-RoPAU130308s9999 xx 000 0 und d aIT-RoPAU cIT-RoPAU aFRANCESE aDeledalle Gerard gCodice Aut. SPICS: 6203 aPhilosophie americaine (La) bPhilosophie Americaine (La) a1a ed. aLAUSANNE bL'Age D'Homme c1983 [1° Ed.:1983 - Ed.Ling.Originale:1983] a"288 p. (prefazione: no ; testo: 288)" aIdeologia e Filosofia Americane America Alla Ricerca di una Filosofia Dalle Origini Alla Guerra di secessione Grandi movimenti dell'Età d'oro della Filosofia Americana Dalla Guerra di secessione Alla seconda Guerra Mondialepragmatismo neorealismo Realismo Critico Naturalismo idealismo Grandi filosofi Charles Sanders peirce e Lo Spirito del Laboratorio William James e l'esperienza Pura Josiah Royce e la Grande Comunità John Dewey Esperienza e Suoi Laboratori George Mead e la Socialità di Base Dalla seconda Guerra Mondiale Alla celebrazione del Bicentenario degli Stati Uniti seconda Generazione pragmatista dal pragmatismo Alla Filosofia Analitica pragmatismo in Metafisica e nella Morale caratteristiche della Filosofia Americana Herbert Marcuse Jacques Maritain Alfred Whitehead George Santayana aFILOSOFIA LINGUISTICA eCodice materia Spics: 3101